000 00654nam a22001937a 4500
003 ASAB
005 20180827062825.0
008 180504t xxu||||| |||| 00| 0 eng d
040 _cASAB
082 _aThesis 2010 AS
100 _aAmna Salman-sup-Dr. Ishtiaq Qadri
_93745
245 _aTH-MS-Cloning & Sequence Analysis of Hepatitis C Virus (HCV) Non Structural Protein 2 (NS2) Pakistani Isolates
_cAmna Salman-sup-Dr. Ishtiaq Qadri
250 _a2010
260 _aIslamabad.
_bASAB (NCVI) NUST
_c2010
300 _axiv,65 p
_bill.
_c30 cm
630 _aHealthcare Biotechnology
_93746
630 _aVirology and Immunology
_93749
942 _2ddc
_cTH
999 _c480775
_d480775